logo

Bir Sreshtho Munshi Abdur Rouf Library
Jhenaidah Cadet College

Plato's statesman : (Record no. 7960)

MARC details
000 -LEADER
fixed length control field 00765nam a2200229 a 4500
003 - CONTROL NUMBER IDENTIFIER
JCCL marc code (BD-JhCC)
005 - DATE AND TIME OF LATEST TRANSACTION
control field 20180217082833.0
008 - FIXED-LENGTH DATA ELEMENTS--GENERAL INFORMATION
fixed length control field 990909s1962 enk 000 1 eng d
035 ## - SYSTEM CONTROL NUMBER
system control number (BD-JhCC)
040 ## - CATALOGING SOURCE
Original cataloging agency UkOxU
Transcribing agency UkOxU
Modifying agency BD-JhCC
-- (BD-JhCC)
041 1# - LANGUAGE CODE
Language code of Book eng
Language code of original and/or intermediate translations of text grc
082 ## - DEWEY DECIMAL CLASSIFICATION NUMBER
Classification number 320.1
Author mark and Year SKE 1962
100 1# - MAIN ENTRY--PERSONAL NAME
Personal name Skemp, J. B.
Fuller form of name (Joseph Bright).
245 10 - TITLE STATEMENT
Title Plato's statesman :
Remainder of title A translation of the Politicus of Plato with introductory essays and footnotes.
260 ## - PUBLICATION, DISTRIBUTION, ETC. (IMPRINT)
Place of publication, distribution, etc London :
Name of publisher, distributor, etc Routledge and Kegan Paul,
Date of publication, distribution, etc 1962.
300 ## - PHYSICAL DESCRIPTION
Pagination 244 p. ;
Dimensions 22 cm.
490 1# - SERIES STATEMENT
Series statement Rare masterpieces of philosophy and science
650 ## - SUBJECT ADDED ENTRY--TOPICAL TERM
Topical term or geographic name as entry element Political Science
General subdivision Philosophy
830 #0 - SERIES ADDED ENTRY--UNIFORM TITLE
Uniform title Rare masterpieces of philosophy and science.
942 ## - ADDED ENTRY ELEMENTS (KOHA)
Source of classification or shelving scheme Dewey Decimal Classification
Koha item type Books

No items available.


JCC Library | Contacts | JCC Home

Last Update on 23 September 2017
Copyright @ 2017-2020 JCC Rouf Library
Rouf Library, Jhenidah Cadet College (JCC), Bangladesh